00341nam a2200133Ia 45000030006000000080041000060400015000471000015000622450040000772500010001172600051001275460012001780050017001900STCL150530s9999 xx 000 0 und d aSTCLcSTCL aRydink, v. aQuantum Balathantrathinte Hari sree aFirst bState Institute of Languages, Trivandrumc1972 aEnglish20220125170129.0